000 00319nam a2200133Ia 4500
008 191201s2019 xx 000 0 und d
100 _aKUMAR, B
245 0 _aManufacturing Processes and Technology
250 _a4th
260 _aN.Delhi
_bKhanna Publisher
300 _a770
650 _aB.Tech(ME)
942 _2ddc
_cBK
999 _c1705
_d1705